Introducción al Pentateuco Génesis
Saved in:
| Main Authors: | , |
|---|---|
| Format: | Book |
| Language: | Spanish |
| Published: |
Pamplona
Verbo Divino
2007
|
| Edition: | 1a. ed |
| Series: | Biblioteca Bíblica Básica, 3
|
| Subjects: | |
| Tags: |
Add Tag
No Tags, Be the first to tag this record!
|
MARC
| LEADER | 00000cam a2200000 a 4500 | ||
|---|---|---|---|
| 001 | UCD2394 | ||
| 003 | CL-VaPUC | ||
| 008 | 160421e20070000sp |||||||||||||||||spa|d | ||
| 020 | |a 9788481692426 | ||
| 082 | 0 | 4 | |a 222.11 |b LOZ |2 21 |
| 100 | |a Loza Vera, José |e autor |9 585737 | ||
| 700 | 0 | |a Duarte Castillo, Raúl |e author |9 585738 | |
| 245 | 1 | 0 | |a Introducción al Pentateuco Génesis |
| 250 | |a 1a. ed | ||
| 300 | |a 367 p | ||
| 942 | |c BK | ||
| 945 | |d 20160421 23:08:00 |a arojas | ||
| 260 | |a Pamplona |b Verbo Divino |c 2007 | ||
| 650 | 0 | |a Antiguo testamento |9 313678 | |
| 650 | 0 | |a Textos sagrados |9 257605 | |
| 650 | 0 | |a Génesis |9 334078 | |
| 650 | 0 | |a Crítica e interpretación |9 255042 | |
| 583 | |a last modification |c 20160421 23:08:00 |k Rodrigo Vera | ||
| 490 | 0 | |a Biblioteca Bíblica Básica, 3 | |
| 999 | |c 363556 |d 363554 | ||
| 952 | |0 0 |1 0 |3 erb |4 0 |6 222_110000000000000_LOZ_2007 |7 0 |8 A |9 476017 |a BIBTEO |b BIBTEO |i 5283531 |o 222.11 LOZ 2007 |p 5283531 |r 2025-01-17 |w 2019-11-24 |y BK |z Catalogado en:20160421 |k ICR | ||